01001nam a22002297a 4500003000400000005001700004008004100021040002200062082001500084100002700099245002500126260003000151300001800181505007400199505009100273505013900364505004200503505009000545650004100635650005000676650004500726OSt20230823144114.0221006b |||||||| |||| 00| 0 eng d cBiblioteca Lado V a700bR331a aReeve, Charleseeditor aART PAPERS MAGAZINE/ c2002bMITPREESSaHonduras c22x28cma62p. tFEATURESaThe Passenger Lay Miserables Is there a "Post-Black" Art? tCOLUMNS AND RESOURCESaHeadlines In Brazil Sound Bytes Readings Art Resource Guide tPATRIMONIO CULTURALaEL MUNICIPIO REPUBLICANO EN HONDURAS, EL CASO DE COMAYAGÜELA COMAYAGÜELA EN LOS TIEMPOS DE LA ORQUESTA VERDI tActualidad del Teatro Centroamericano tLa formación de artistas profesionales en la universidad de San Carlos de Guatemala 2Tesauro de Arte & ArquitecturaaARTE 2Tesauro de Arte & ArquitecturaaEXHIBICIONES  2Tesauro de Arte & ArquitecturaaANALISIS